[Event "I Open Lido Adriano"]
[Site "Ravenna ITA"]
[Date "2011.04.05"]
[Round "4"]
[White "Valenta, Vit jr"]
[Black "Aguera Naredo, Javier"]
[Result "1-0"]
[WhiteElo "2181"]
[BlackElo "2359"]
[PlyCount "75"]
[EventDate "2011.04.02"]

1. e4 e6 2. d4 d5 3. Nc3 Nf6 4. Bg5 dxe4 5. Nxe4 Nbd7 6. Nf3 Be7 7. Nxf6+ Bxf6
8. Bxf6 Qxf6 9. Bd3 O-O 10. O-O c5 11. c3 cxd4 12. Nxd4 Nc5 13. Bxh7+ Kxh7 14.
Qh5+ Kg8 15. Qxc5 b6 16. Qc6 Ba6 17. Rfe1 Rfd8 18. Rad1 Qe7 19. Qf3 Bb7 20. Qh5
Rd5 21. Re5 g6 22. Qe2 Qd6 23. Re1 Rd8 24. a3 Qc7 25. f3 Qxe5 26. Qxe5 Rxe5 27.
Rxe5 Bd5 28. f4 Rd7 29. Kf2 Kg7 30. Re2 Kf6 31. h4 Bb7 32. Rd2 Rd5 33. g4 e5
34. fxe5+ Kxe5 35. Ke3 Rc5 36. Rf2 Bd5 37. h5 gxh5 38. gxh5 1-0

[Event "I Open Lido Adriano"]
[Site "Ravenna ITA"]
[Date "2011.04.05"]
[Round "4"]
[White "Valenta, Vit sr"]
[Black "Mashinskaya, Iulia"]
[Result "1/2-1/2"]
[WhiteElo "2165"]
[BlackElo "2350"]
[PlyCount "39"]
[EventDate "2011.04.02"]

1. c4 e5 2. Nc3 Nf6 3. e4 c5 4. d3 Nc6 5. g3 d6 6. Bg2 Be7 7. Nge2 h6 8. O-O g5
9. h3 Bd7 10. Kh2 Rg8 11. a3 Nd4 12. Nxd4 cxd4 13. Ne2 b5 14. b3 Rb8 15. Qc2
Qc8 16. Bd2 Nh7 17. Rae1 Rg7 18. f4 g4 19. h4 bxc4 20. bxc4 1/2-1/2

[Event "I Open Lido Adriano"]
[Site "Ravenna ITA"]
[Date "2011.04.05"]
[Round "4"]
[White "Weinberg, Emanuele"]
[Black "Thonig, Manfred"]
[Result "1-0"]
[WhiteElo "1769"]
[BlackElo "1664"]
[PlyCount "185"]
[EventDate "2011.04.02"]

1. d4 f5 2. c4 Nf6 3. Nc3 e6 4. g3 d5 5. Bg2 Bb4 6. Bd2 Nc6 7. Nf3 Bxc3 8. bxc3
Ne4 9. O-O O-O 10. Qc2 dxc4 11. Bc1 Bd7 12. Nd2 Nd6 13. e4 fxe4 14. Nxe4 Nf5
15. Nc5 Bc8 16. Rb1 Na5 17. Re1 Qf6 18. Rb5 Nc6 19. Nxb7 Ncxd4 20. Rxf5 Nxf5
21. Ba3 Rf7 22. Nd8 Rb8 23. Nxf7 Kxf7 24. Rd1 Rb6 25. Bc5 Rb5 26. Bxa7 Ra5 27.
Bb8 Ra3 28. Rc1 Qe7 29. Qb2 Ra5 30. Qe2 Nd6 31. Qf3+ Kg8 32. Qc6 Bb7 33. Qxc7
Qxc7 34. Bxc7 Ra6 35. Bxd6 Bxg2 36. Kxg2 Rxd6 37. Kf3 Ra6 38. Rc2 Kf7 39. Ke4
Rd6 40. a4 Kf6 41. a5 e5 42. Ra2 Ke6 43. a6 Rd8 44. Ra5 Ra8 45. Rxe5+ Kd6 46.
Ra5 Kc6 47. Kd4 Kb6 48. Ra1 Ka7 49. Kxc4 Rc8+ 50. Kd4 Rd8+ 51. Kc4 Rc8+ 52. Kd3
Rd8+ 53. Ke2 Re8+ 54. Kf3 Rf8+ 55. Kg2 h5 56. h3 g5 57. f3 Rd8 58. Ra2 Rd3 59.
h4 gxh4 60. gxh4 Rxc3 61. Kg3 Rc4 62. Ra5 Rc1 63. Kf4 Rf1 64. Ra3 Re1 65. Kf5
Rg1 66. Ra4 Rg2 67. Kf6 Rg3 68. Ra3 Rg2 69. Ke5 Rg3 70. Ke4 Rh3 71. Kf4 Rxh4+
72. Kg3 Rb4 73. f4 h4+ 74. Kg4 h3 75. Rxh3 Kxa6 76. Rc3 Kb5 77. Kg5 Rb1 78. f5
Rg1+ 79. Kf6 Kb4 80. Rc8 Kb5 81. Kf7 Kb6 82. f6 Kb7 83. Rc2 Rd1 84. Re2 Kc7 85.
Ke7 Rd7+ 86. Kf8 Rd3 87. Re4 Kd6 88. Ke8 Rc3 89. Kf7 Rc8 90. Kg7 Rc7+ 91. f7
Kd5 92. Re1 Kd6 93. Kg8 1-0

[Event "I Open Lido Adriano"]
[Site "Ravenna ITA"]
[Date "2011.04.06"]
[Round "5"]
[White "Aguera Naredo, Javier"]
[Black "Korhonen, Erkki"]
[Result "1-0"]
[WhiteElo "2359"]
[BlackElo "1944"]
[PlyCount "37"]
[EventDate "2011.04.02"]

1. e4 c5 2. Nf3 d6 3. d4 cxd4 4. Nxd4 Nf6 5. Nc3 g6 6. Be3 Bg7 7. f3 O-O 8. Qd2
Nc6 9. O-O-O a6 10. h4 Nxd4 11. Bxd4 h5 12. g4 hxg4 13. h5 Nxh5 14. Bxg7 Kxg7
15. Rxh5 gxh5 16. Qg5+ Kh7 17. Qxh5+ Kg7 18. Qg5+ Kh7 19. Bd3 1-0

[Event "I Open Lido Adriano"]
[Site "Ravenna ITA"]
[Date "2011.05.11"]
[Round "5"]
[White "Antoniacci, Riccardo"]
[Black "Popa, Claudiu"]
[Result "0-1"]
[WhiteElo "1912"]
[BlackElo "2195"]
[PlyCount "74"]
[EventDate "2011.04.02"]

1. e4 e5 2. f4 exf4 3. Nc3 Qh4+ 4. Ke2 Ne7 5. Nf3 Qg4 6. Kf2 d6 7. Be2 c6 8. d4
Ng6 9. Re1 Be7 10. Kg1 O-O 11. Ne5 Qh4 12. Nd3 Bg5 13. Bf3 Nd7 14. e5 dxe5 15.
dxe5 Re8 16. e6 Rxe6 17. Rxe6 fxe6 18. Qe2 Nf6 19. Bd2 e5 20. Be1 Qh6 21. Rd1
Bf5 22. Nxe5 Nxe5 23. Qxe5 Bxc2 24. Rd6 Bg6 25. Re6 Bf7 26. Re7 Re8 27. Bf2
Rxe7 28. Qxe7 Ng4 29. Qc5 Nxh2 30. Qxa7 Nxf3+ 31. gxf3 Be7 32. Qxb7 Qg5+ 33.
Kh2 Qh5+ 34. Kg2 Qg6+ 35. Kh2 Bf8 36. Qb8 Bc4 37. Ne4 Bf1 0-1

[Event "I Open Lido Adriano"]
[Site "Ravenna ITA"]
[Date "2011.04.06"]
[Round "5"]
[White "Baisotti, Pablo"]
[Black "Rivola, Franco"]
[Result "1-0"]
[WhiteElo "1617"]
[BlackElo "2035"]
[PlyCount "150"]
[EventDate "2011.04.02"]

1. e4 e6 2. Nc3 d5 3. d3 c5 4. g3 dxe4 5. Nxe4 Bd7 6. Bg2 Bc6 7. Nf3 Nd7 8. O-O
Ngf6 9. Nfg5 Nxe4 10. Nxe4 Be7 11. Be3 f5 12. Nc3 Bxg2 13. Kxg2 O-O 14. f4 Nf6
15. Bd2 Qb6 16. Qe2 Qc6+ 17. Rf3 Rfe8 18. Re1 Bf8 19. Kg1 Kf7 20. b3 g6 21. Nd1
Bg7 22. Bc3 b5 23. Nf2 Re7 24. Bb2 Rae8 25. c4 bxc4 26. dxc4 Nd7 27. Bxg7 Kxg7
28. Re3 Kf7 29. Nd3 Qd6 30. h4 Qd4 31. Kg2 h5 32. Rd1 Qg7 33. Ne5+ Nxe5 34.
Rxe5 Rc7 35. Rd6 Qf6 36. Qe3 Qe7 37. Qd3 Qf8 38. Qd2 Qe7 39. Re3 Qf6 40. Qa5
Ree7 41. Rdxe6 Qxe6 42. Rxe6 Kxe6 43. b4 cxb4 44. Qxb4 Kf7 45. c5 Rc6 46. Qc4+
Kg7 47. Qd4+ Kh6 48. Qh8+ Rh7 49. Qe8 Rcc7 50. Qf8+ Rhg7 51. Kf2 Kh7 52. Ke3
Rge7+ 53. Kd4 Rcd7+ 54. Kc4 Rf7 55. Qb8 Rb7 56. Qe5 Rfe7 57. c6 Rxe5 58. cxb7
Re8 59. Kc5 Kg7 60. Kc6 Kf7 61. Kc7 Ke6 62. b8=Q Rxb8 63. Kxb8 a5 64. Kc7 Kd5
65. Kb6 a4 66. Kb5 a3 67. Kb4 Kd4 68. Kxa3 Kc3 69. Ka4 Kc4 70. a3 Kc5 71. Kb3
Kb5 72. Kc3 Ka4 73. Kd4 Kxa3 74. Ke5 Kb3 75. Kf6 Kc3 1-0

[Event "I Open Lido Adriano"]
[Site "Ravenna ITA"]
[Date "2011.04.06"]
[Round "5"]
[White "Brinck-Claussen, Bjorn"]
[Black "Friedrich, Gerhard"]
[Result "1-0"]
[WhiteElo "2262"]
[BlackElo "2054"]
[PlyCount "87"]
[EventDate "2011.04.02"]

1. e4 c5 2. Nf3 d6 3. d4 cxd4 4. Nxd4 g6 5. Nc3 Bg7 6. Be3 Nf6 7. f3 O-O 8. Qd2
a6 9. Bc4 b5 10. Bb3 Qc7 11. Bh6 Nbd7 12. h4 Nc5 13. h5 Nxb3 14. axb3 e5 15.
Ndxb5 Qc6 16. Bxg7 Kxg7 17. hxg6 fxg6 18. Nxd6 Be6 19. Nc4 Bxc4 20. bxc4 Qxc4
21. O-O-O Ra7 22. Qd6 Re8 23. Qb6 Rc7 24. Rd6 Nh5 25. Rhd1 Ree7 26. Qxa6 Qc5
27. Qb6 Qc4 28. Qb5 Qf7 29. Kb1 Nf4 30. Nd5 Rb7 31. Qf1 Re8 32. Nxf4 exf4 33.
R1d5 Re6 34. Rxe6 Qxe6 35. Qc4 h5 36. Qd4+ Kh7 37. Rd8 Rg7 38. Rd6 Qe7 39. b3
Kh6 40. e5 Qg5 41. e6 Qxg2 42. Rd7 Rg8 43. Qxf4+ Qg5 44. Rh7+ 1-0

[Event "I Open Lido Adriano"]
[Site "Ravenna ITA"]
[Date "2011.04.06"]
[Round "5"]
[White "Casadei, Mauro"]
[Black "Daly, Patrick"]
[Result "1-0"]
[WhiteElo "2177"]
[BlackElo "1839"]
[PlyCount "53"]
[EventDate "2011.04.02"]

1. c4 Nf6 2. g3 c5 3. Bg2 g6 4. Nc3 Bg7 5. Nf3 Nc6 6. d4 cxd4 7. Nxd4 O-O 8.
O-O Nxd4 9. Qxd4 d6 10. Qh4 Qb6 11. a4 a6 12. a5 Qc5 13. Be3 Qh5 14. Qxh5 Nxh5
15. Nd5 Bxb2 16. Nxe7+ Kg7 17. Ra2 Be5 18. Nxc8 Raxc8 19. Bxb7 Rxc4 20. Bxa6
Rc3 21. Bb7 f5 22. Rc1 f4 23. Rxc3 Bxc3 24. Bb6 fxg3 25. hxg3 Rf5 26. a6 Rg5
27. a7 1-0

[Event "I Open Lido Adriano"]
[Site "Ravenna ITA"]
[Date "2011.04.06"]
[Round "5"]
[White "Daniele, Fabio"]
[Black "Mkrtchyan, Albert"]
[Result "0-1"]
[WhiteElo "1443"]
[BlackElo "1821"]
[PlyCount "74"]
[EventDate "2011.04.02"]

1. e4 e6 2. Qe2 c5 3. b3 Nc6 4. Nf3 d6 5. Bb2 Nf6 6. d3 e5 7. h3 Be6 8. Na3 Rc8
9. Nc4 b5 10. Ncd2 Qa5 11. Ng5 Be7 12. Nxe6 fxe6 13. g4 O-O 14. g5 Nd7 15. h4
Rf4 16. Bh3 Nf8 17. Bg2 Ng6 18. Bh3 Nd8 19. h5 Nh4 20. g6 Nf3+ 21. Kd1 Qxd2+
22. Qxd2 Nxd2 23. gxh7+ Kxh7 24. Kxd2 Rxf2+ 25. Ke3 Rxc2 26. Rab1 Bg5+ 27. Kf3
Rc7 28. Kg4 Bf4 29. a4 b4 30. Bc1 Rxc1 31. Rbxc1 Bxc1 32. Rxc1 Rf7 33. Rf1 Rxf1
34. Bxf1 Nc6 35. Be2 Nd4 36. Bd1 Kh6 37. a5 Nc6 0-1

[Event "I Open Lido Adriano"]
[Site "Ravenna ITA"]
[Date "2011.04.06"]
[Round "5"]
[White "De Groof, Maurice"]
[Black "Weinberg, Emanuele"]
[Result "1-0"]
[WhiteElo "1830"]
[BlackElo "1769"]
[PlyCount "45"]
[EventDate "2011.04.02"]

1. e4 Nf6 2. Nc3 d5 3. e5 Nfd7 4. f4 e6 5. Nf3 c5 6. Be2 Nc6 7. O-O Be7 8. b3
O-O 9. Bb2 a6 10. Kh1 b5 11. a3 Rb8 12. Rb1 Nb6 13. d4 Qc7 14. dxc5 Bxc5 15.
Bd3 Ne7 16. Bxh7+ Kh8 17. Ng5 g6 18. Qd3 Kg7 19. Ne2 Nf5 20. Ng3 Be7 21. Nxf5+
gxf5 22. Qh3 Bxg5 23. fxg5 1-0

[Event "I Open Lido Adriano"]
[Site "Ravenna ITA"]
[Date "2011.05.11"]
[Round "5"]
[White "Di Lazzaro, Gabriele"]
[Black "De Caro, Nicola"]
[Result "1-0"]
[WhiteElo "1921"]
[BlackElo "1815"]
[PlyCount "129"]
[EventDate "2011.04.02"]

1. e4 d6 2. d4 g6 3. Nc3 Bg7 4. Nf3 Nd7 5. Be2 e6 6. Be3 Ne7 7. Qd2 h6 8. a4 b6
9. a5 a6 10. axb6 Nxb6 11. O-O Bb7 12. Ra2 d5 13. exd5 Nexd5 14. Nxd5 Nxd5 15.
Rfa1 Qc8 16. Ne5 Bxe5 17. dxe5 Nxe3 18. Qxe3 g5 19. Bd3 O-O 20. h4 Qd8 21. Ra4
f6 22. hxg5 fxg5 23. Qh3 Qd5 24. f3 Qc5+ 25. Kh1 Qxe5 26. Qxh6 Kf7 27. Qh5+ Ke7
28. Kg1 Qe3+ 29. Kf1 Rh8 30. Bh7 Bxf3 31. gxf3 Raf8 32. R4a3 Qf4 33. Re1 Rf7
34. Qg6 Rhxh7 35. Qxe6+ Kf8 36. Qe8+ Kg7 37. Qe5+ Qxe5 38. Rxe5 Rh3 39. Kg2 Rh5
40. Rxa6 Rd7 41. Re2 Kf8 42. Kg3 Rdh7 43. Rae6 Rh3+ 44. Kg4 R7h4+ 45. Kf5 Rh7
46. Re8+ Kg7 47. R2e7+ Kh6 48. Rxh7+ Kxh7 49. Kg4 Rh2 50. Re7+ Kg6 51. Rxc7
Rg2+ 52. Kh3 Rg1 53. b4 Kf5 54. Kh2 Rb1 55. c3 Rb2+ 56. Kg3 Rb1 57. Rc5+ Kg6
58. b5 Rb2 59. f4 gxf4+ 60. Kxf4 Rb1 61. Ke5 Rh1 62. Kd6 Kf6 63. b6 Re1 64. b7
Re6+ 65. Kc7 1-0

[Event "I Open Lido Adriano"]
[Site "Ravenna ITA"]
[Date "2011.04.06"]
[Round "5"]
[White "Egan, Colm"]
[Black "Ghinassi, Damiano"]
[Result "1-0"]
[WhiteElo "1996"]
[BlackElo "1572"]
[PlyCount "113"]
[EventDate "2011.04.02"]

1. d4 e6 2. Nf3 Nf6 3. Bf4 b6 4. h3 Bb7 5. e3 Ne4 6. Nbd2 Nxd2 7. Nxd2 Bb4 8.
c3 Be7 9. Nf3 d6 10. Bd3 Nd7 11. O-O O-O 12. e4 c5 13. Qe2 Qc7 14. Rfe1 e5 15.
Bh2 a6 16. a4 Rfc8 17. dxe5 c4 18. Bc2 dxe5 19. Nd4 Qc5 20. Nf5 Nf6 21. Bg3 b5
22. Qe3 Nd7 23. Qf3 Bf8 24. Qg4 Kh8 25. Nxg7 Nf6 26. Qf5 Bxg7 27. Bxe5 Qc6 28.
Re3 Rg8 29. Rf3 Bc8 30. Qg5 Nxe4 31. Bxe4 Qxe4 32. Bxg7+ Rxg7 33. Qd8+ Rg8 34.
Qf6+ Rg7 35. Qd8+ Rg8 36. Qf6+ Rg7 37. Rg3 Qg6 38. Rxg6 hxg6 39. axb5 Be6 40.
Rxa6 Rb8 41. b6 Bc8 42. Ra7 Kh7 43. Qd6 Rb7 44. Ra8 Bf5 45. Qd8 g5 46. Ra7 Be4
47. Rxb7 Bxb7 48. Qc7 f6 49. Qxc4 Kg6 50. Qd4 Re7 51. c4 Kf7 52. b4 Re4 53.
Qd7+ Re7 54. Qb5 Re5 55. c5 Ke7 56. Qd3 f5 57. Qd6+ 1-0

[Event "I Open Lido Adriano"]
[Site "Ravenna ITA"]
[Date "2011.04.11"]
[Round "5"]
[White "Gabbriellini, Gianfranco"]
[Black "Murray, Jim G."]
[Result "0-1"]
[WhiteElo "1698"]
[BlackElo "1856"]
[PlyCount "68"]
[EventDate "2011.04.02"]

1. d4 Nf6 2. Nf3 e6 3. Bf4 d5 4. Nbd2 c5 5. e3 Bd6 6. Ne5 c4 7. c3 O-O 8. Qf3
Nc6 9. Qh3 Ne8 10. Ndf3 f6 11. Nxc6 bxc6 12. Bg3 e5 13. Qh5 g6 14. Qh6 e4 15.
Nd2 Ng7 16. Bxd6 Qxd6 17. Qf4 Qxf4 18. exf4 Ne6 19. g3 c5 20. b4 cxb4 21. Nxc4
bxc3 22. Nd6 Nxd4 23. Nxc8 Raxc8 24. O-O-O Nc6 25. Rxd5 Nb4 26. Ra5 Nd3+ 27.
Kc2 Nxf2 28. Rg1 Rfd8 29. Ba6 Rc7 30. Ra4 Rd2+ 31. Kb3 c2 32. Bc4+ Kg7 33. Rc1
Nd1 34. Rxc2 Rb7+ 0-1

[Event "I Open Lido Adriano"]
[Site "Ravenna ITA"]
[Date "2011.04.06"]
[Round "5"]
[White "Gillespie, Gary"]
[Black "Proietti, Tosca"]
[Result "1-0"]
[WhiteElo "1876"]
[BlackElo "1799"]
[PlyCount "79"]
[EventDate "2011.04.02"]

1. e4 c5 2. Nf3 Nc6 3. d4 cxd4 4. Nxd4 e5 5. Nb5 a6 6. Nd6+ Bxd6 7. Qxd6 Qf6 8.
Qxf6 Nxf6 9. f3 d5 10. exd5 Nb4 11. Na3 Nbxd5 12. c4 Ne7 13. Nc2 Be6 14. b3 Rd8
15. Bb2 Nd7 16. Rd1 f6 17. Be2 O-O 18. Kf2 Ng6 19. Ba3 Rfe8 20. Rd6 Nb8 21.
Rhd1 Rxd6 22. Rxd6 Nc6 23. c5 Nf4 24. Bxa6 bxa6 25. Rxc6 Bf5 26. Ne3 Bb1 27. g3
Nd3+ 28. Ke2 e4 29. fxe4 Rxe4 30. Rxa6 Re8 31. Kd2 Ne5 32. Kc3 Rd8 33. c6 Be4
34. c7 Rc8 35. Kd4 Bh1 36. Bd6 Bb7 37. Rb6 Bh1 38. Rb8 Nc6+ 39. Kc3 Na7 40. Bc5
1-0

[Event "I Open Lido Adriano"]
[Site "Ravenna ITA"]
[Date "2011.04.06"]
[Round "5"]
[White "Hocevar, Nikola"]
[Black "Valenta, Vit sr"]
[Result "1/2-1/2"]
[WhiteElo "2048"]
[BlackElo "2165"]
[PlyCount "33"]
[EventDate "2011.04.02"]

1. c4 Nf6 2. Nc3 d6 3. g3 e5 4. Bg2 c6 5. Nf3 g6 6. O-O Bg7 7. Qc2 Qc7 8. d4 a6
9. b3 O-O 10. Bb2 Re8 11. dxe5 dxe5 12. e4 Nbd7 13. Rad1 Nf8 14. Ba3 c5 15. Nd5
Nxd5 16. cxd5 b6 17. Nd2 1/2-1/2

[Event "I Open Lido Adriano"]
[Site "Ravenna ITA"]
[Date "2011.04.06"]
[Round "5"]
[White "Kraidman, Yair"]
[Black "Di Lascio, Savino"]
[Result "1-0"]
[WhiteElo "2258"]
[BlackElo "1974"]
[PlyCount "95"]
[EventDate "2011.04.02"]

1. d4 Nf6 2. c4 c5 3. d5 b5 4. cxb5 a6 5. bxa6 g6 6. e3 Bxa6 7. Bxa6 Rxa6 8.
Nc3 Bg7 9. Nge2 O-O 10. O-O Qc7 11. h3 Qb7 12. e4 d6 13. Qc2 Rb6 14. b3 Rc8 15.
Be3 Nfd7 16. Rab1 Qa7 17. a4 Na6 18. Qd2 Nc7 19. f4 Rcb8 20. Qc2 Qa5 21. Na2
R6b7 22. Kh2 Na6 23. Bd2 Qc7 24. Rfc1 Rc8 25. Qc4 Ndb8 26. Qd3 Qd7 27. Rc4 f5
28. Nec3 Rf8 29. Nb5 fxe4 30. Rxe4 Nc7 31. Nxc7 Qxc7 32. Nc3 Qc8 33. Nb5 Qf5
34. Rbe1 h5 35. Qc4 Bf6 36. Bc3 Nd7 37. Bxf6 Nb6 38. Qe2 Rxf6 39. Rxe7 Qxf4+
40. Kh1 Rxe7 41. Qxe7 Nxd5 42. Qd7 Rf7 43. Qxd6 Qd2 44. Qxg6+ Kf8 45. Qd6+ Kg7
46. Qe5+ Nf6 47. Nd6 Rd7 48. Ne8+ 1-0

[Event "I Open Lido Adriano"]
[Site "Ravenna ITA"]
[Date "2011.04.06"]
[Round "5"]
[White "Litrico, Paolo"]
[Black "Boros, Denes"]
[Result "0-1"]
[WhiteElo "1963"]
[BlackElo "2513"]
[PlyCount "64"]
[EventDate "2011.04.02"]

1. d4 Nf6 2. Nf3 d5 3. Bf4 c5 4. Nc3 cxd4 5. Qxd4 Nc6 6. Qd3 d4 7. Nb5 Nd5 8.
e3 Qa5+ 9. Qd2 Qxd2+ 10. Kxd2 dxe3+ 11. fxe3 Bg4 12. Ne5 Rd8 13. Nxg4 Nxf4+ 14.
Kc1 Nd5 15. e4 Nf4 16. g3 Ng6 17. Bh3 e6 18. Re1 Bc5 19. Ne3 h5 20. c3 h4 21.
g4 Nge5 22. Bf1 Nf3 23. Kc2 Rd2+ 24. Kb3 Rxh2 25. Red1 Bxe3 26. Rd3 Nd2+ 27.
Ka4 Bf4 28. Rd1 O-O 29. Rd7 Nxe4 30. Ka3 a6 31. Nd4 Nc5 32. Nf3 Rf2 0-1

[Event "I Open Lido Adriano"]
[Site "Ravenna ITA"]
[Date "2011.04.06"]
[Round "5"]
[White "Lynch, Peter J."]
[Black "O'Leary, Matt"]
[Result "0-1"]
[WhiteElo "1721"]
[BlackElo "1995"]
[PlyCount "72"]
[EventDate "2011.04.02"]

1. e4 c5 2. Nf3 Nc6 3. d4 cxd4 4. Nxd4 d6 5. c4 Nf6 6. Nc3 g6 7. Be3 Bg7 8. Be2
O-O 9. O-O Bd7 10. Rc1 Rc8 11. f3 b6 12. Qd2 Re8 13. Nd5 Nxd4 14. Bxd4 Nh5 15.
Bxg7 Nxg7 16. Rfd1 f6 17. g4 Rf8 18. h3 Be6 19. Kh1 Bf7 20. Rc3 Qd7 21. Kh2 Ne6
22. h4 g5 23. h5 h6 24. f4 Nc5 25. Bf3 Ne6 26. b3 gxf4 27. Nxf4 Ng5 28. Rd3 Rc5
29. Qe2 Rfc8 30. Nd5 b5 31. cxb5 Bxh5 32. Nxe7+ Qxe7 33. gxh5 Qe5+ 34. Kh1 Rc2
35. R1d2 Rc1+ 36. Kg2 Ne6 0-1

[Event "I Open Lido Adriano"]
[Site "Ravenna ITA"]
[Date "2011.04.06"]
[Round "5"]
[White "Mentink, Toon"]
[Black "Memarian, Milad"]
[Result "0-1"]
[WhiteElo "1857"]
[BlackElo "2028"]
[PlyCount "130"]
[EventDate "2011.04.02"]

1. Nf3 g6 2. c4 Bg7 3. Nc3 Nf6 4. g3 O-O 5. Bg2 d6 6. O-O Nc6 7. d3 e5 8. Bg5
h6 9. Bd2 Be6 10. Re1 Ne8 11. Rb1 f5 12. Nh4 g5 13. Bxc6 bxc6 14. Ng2 d5 15.
cxd5 cxd5 16. Nb5 c6 17. Na3 f4 18. e4 f3 19. Ne3 d4 20. Nf5 Bxf5 21. exf5 Rxf5
22. Qb3+ Rf7 23. Qe6 Nc7 24. Qh3 Qf6 25. Nc4 Re8 26. Re4 Qg6 27. Rbe1 Rfe7 28.
Bb4 Re6 29. Bc5 a6 30. a4 h5 31. g4 hxg4 32. Qxg4 Nd5 33. Qxf3 Nf4 34. h3 Qf5
35. Kh2 Rh6 36. Rxf4 Qxf4+ 37. Qxf4 gxf4 38. Bxd4 Rhe6 39. Bb6 e4 40. dxe4 Rxe4
41. Rc1 R8e6 42. a5 Re1 43. Rxe1 Rxe1 44. b4 Re4 45. Nd6 Rxb4 46. Kg2 Bd4 47.
Bc7 Be5 48. Ne8 Rb5 49. Bxe5 Rxe5 50. Nc7 Rxa5 51. Kf3 Kf7 52. Kxf4 Ke7 53. h4
Kd7 54. Nxa6 Rxa6 55. h5 Ke7 56. Kg5 c5 57. h6 Rxh6 58. Kxh6 c4 59. Kg7 c3 60.
f4 Ke6 61. Kg6 c2 62. f5+ Kd7 63. f6 c1=Q 64. f7 Ke7 65. Kg7 Qg5+ 0-1

[Event "I Open Lido Adriano"]
[Site "Ravenna ITA"]
[Date "2011.04.06"]
[Round "5"]
[White "Pinho, Paulo"]
[Black "Ledent, Philippe"]
[Result "1-0"]
[WhiteElo "2162"]
[BlackElo "1865"]
[PlyCount "49"]
[EventDate "2011.04.02"]

1. d4 d5 2. c4 c6 3. Nf3 Nf6 4. Nc3 dxc4 5. a4 Bf5 6. g3 Nbd7 7. Bg2 e6 8. O-O
Bb4 9. Nd2 O-O 10. Nxc4 a5 11. Qb3 Nb6 12. Nxb6 Qxb6 13. e4 Bg6 14. d5 exd5 15.
exd5 cxd5 16. Nxd5 Nxd5 17. Bxd5 Rad8 18. Be3 Qa6 19. Rfd1 Rfe8 20. Rac1 Bh5
21. Rd4 Qf6 22. Rc7 b6 23. Rf4 Qd6 24. Bxf7+ Bxf7 25. Qxf7+ 1-0

[Event "I Open Lido Adriano"]
[Site "Ravenna ITA"]
[Date "2011.04.06"]
[Round "5"]
[White "Radovanovic, Jovica"]
[Black "Grahn, Lars"]
[Result "1-0"]
[WhiteElo "2299"]
[BlackElo "2100"]
[PlyCount "85"]
[EventDate "2011.04.02"]

1. e4 Nf6 2. e5 Nd5 3. d4 d6 4. Nf3 dxe5 5. Nxe5 c6 6. Bc4 Nd7 7. Nxd7 Bxd7 8.
O-O e6 9. Bb3 Bd6 10. c4 Nf4 11. Nc3 O-O 12. Ne4 Bc7 13. Qf3 Ng6 14. Bg5 f6 15.
Be3 Kh8 16. Qh5 Be8 17. Qh3 Bf7 18. Rad1 Nf4 19. Bxf4 Bxf4 20. Nc5 Qc8 21. Rfe1
Re8 22. Bc2 f5 23. Nd3 Bc7 24. Ne5 Re7 25. g4 g6 26. Qh4 Qe8 27. gxf5 gxf5 28.
Rd3 Bxe5 29. Rxe5 Bg6 30. f4 Rd8 31. d5 cxd5 32. cxd5 Rc7 33. Qf6+ Kg8 34. Rxe6
Qf8 35. Qxf8+ Kxf8 36. Bb3 Rc1+ 37. Kf2 Rh1 38. Kg2 Rb1 39. Rd2 Kg7 40. Re7+
Kf6 41. Rxb7 Re8 42. d6 Ree1 43. d7 1-0

[Event "I Open Lido Adriano"]
[Site "Ravenna ITA"]
[Date "2011.04.06"]
[Round "5"]
[White "Rauta, Nicolas"]
[Black "Bondielli, Giorgio"]
[Result "0-1"]
[WhiteElo "1975"]
[BlackElo "1900"]
[PlyCount "78"]
[EventDate "2011.04.02"]

1. c4 e5 2. Nc3 f5 3. d3 Nf6 4. g3 g6 5. Bg2 Bg7 6. Nf3 d6 7. Bd2 Nc6 8. Rb1 a5
9. a3 Nd4 10. Nxd4 exd4 11. Nb5 Nd7 12. h4 h6 13. h5 g5 14. Qc1 O-O 15. Nxc7
Qxc7 16. Bxg5 Nc5 17. Bxh6 Qe7 18. O-O Bxh6 19. Qxh6 Qf6 20. Qf4 a4 21. Bd5+
Kh7 22. Kg2 Bd7 23. Rh1 Rae8 24. Rbe1 Bc6 25. Qf3 Bxd5 26. Qxd5 Re7 27. Rh4
Nxd3 28. Rd1 Nc5 29. Rhxd4 Rxe2 30. Qf3 Re6 31. Qf4 Rd8 32. Rd5 Re5 33. Qd4 Ne6
34. Qb6 Rxd5 35. Rxd5 Rd7 36. c5 f4 37. Rxd6 Re7 38. Qb4 Qf5 39. Qxa4 Ng5 0-1

[Event "I Open Lido Adriano"]
[Site "Ravenna ITA"]
[Date "2011.04.06"]
[Round "5"]
[White "Russo, Carmelo"]
[Black "Moore, Robin"]
[Result "0-1"]
[WhiteElo "1707"]
[BlackElo "1837"]
[PlyCount "94"]
[EventDate "2011.04.02"]

1. d4 Nf6 2. c4 g6 3. Nc3 Bg7 4. e4 d6 5. Nf3 O-O 6. Bg5 h6 7. Bf4 Nh5 8. Be3
e5 9. Be2 Nc6 10. O-O f5 11. dxe5 f4 12. Bc1 dxe5 13. Qxd8 Rxd8 14. Nd5 Rd7 15.
Nh4 Kh7 16. Bxh5 gxh5 17. Bd2 Nd4 18. Rad1 c6 19. Nb4 a5 20. Nd5 cxd5 21. cxd5
b6 22. Kh1 Ba6 23. Rfe1 Rc8 24. Rc1 Rxc1 25. Rxc1 Bf6 26. Nf3 Nxf3 27. gxf3 Rg7
28. Rc3 Be7 29. a3 Bc5 30. Be1 Bf1 31. h3 Bxh3 32. b4 axb4 33. axb4 Bxb4 34.
Rc1 Bxe1 35. Rxe1 Bg2+ 36. Kg1 Bxf3+ 37. Kf1 Bg2+ 38. Ke2 Bxe4 39. d6 Bf5 40.
Kf3 Bg4+ 41. Ke4 Rg5 42. f3 Bd7 43. Kd5 Rg3 44. Rxe5 Rg5 45. Ke4 Rxe5+ 46. Kxe5
h4 47. Kxf4 b5 0-1

[Event "I Open Lido Adriano"]
[Site "Ravenna ITA"]
[Date "2011.04.06"]
[Round "5"]
[White "Solaroli, Riccardo"]
[Black "Hoenick, Andreas"]
[Result "0-1"]
[WhiteElo "1937"]
[BlackElo "2210"]
[PlyCount "88"]
[EventDate "2011.04.02"]

1. e4 c6 2. d4 d5 3. exd5 cxd5 4. Bd3 Nc6 5. c3 Qc7 6. Nf3 Bg4 7. Nbd2 Nf6 8.
Nf1 Bh5 9. Ng3 Bg6 10. O-O e6 11. Re1 Be7 12. Bg5 O-O 13. Bxg6 hxg6 14. Ne5 Ne8
15. Bxe7 Qxe7 16. Qg4 Nd6 17. Nxg6 fxg6 18. Rxe6 Qd7 19. Qxg6 Rad8 20. Nh5 Ne8
21. Rae1 Qf7 22. Qxf7+ Kxf7 23. h4 Rh8 24. g4 Nc7 25. R6e3 Rhe8 26. Nf4 Rxe3
27. Rxe3 g6 28. Kg2 Rd7 29. Kg3 Re7 30. Rf3 Kg7 31. g5 Re4 32. b4 Ne7 33. h5
gxh5 34. Nxh5+ Kg6 35. Nf6 Re1 36. Kg4 Rg1+ 37. Rg3 Rxg3+ 38. fxg3 Nb5 39. Nh5
Nxc3 40. Nf4+ Kf7 41. a3 Nb5 42. g6+ Kf6 43. Kh5 Nxd4 44. g4 Ne6 0-1

[Event "I Open Lido Adriano"]
[Site "Ravenna ITA"]
[Date "2011.04.06"]
[Round "5"]
[White "Traversi, Carlo"]
[Black "Basso, Pier Luigi"]
[Result "0-1"]
[WhiteElo "1657"]
[BlackElo "1996"]
[PlyCount "76"]
[EventDate "2011.04.02"]

1. e4 Nc6 2. Nf3 g6 3. Nc3 Bg7 4. d4 d6 5. h3 Nf6 6. Bc4 O-O 7. d5 Na5 8. Bd3
c6 9. O-O cxd5 10. exd5 Qc7 11. Bd2 a6 12. Qe2 b5 13. a3 Bb7 14. Rfe1 Rfe8 15.
Be4 Nxe4 16. Qxe4 Nc4 17. Bc1 Nxb2 18. Bxb2 Bxc3 19. Bxc3 Qxc3 20. Qh4 Bxd5 21.
Ng5 Qg7 22. Rad1 Bb7 23. Re3 Rac8 24. Rde1 e6 25. Qb4 h6 26. Ne4 Bxe4 27. Rxe4
d5 28. Re5 Rxc2 29. Qd6 Qf6 30. f3 Qh4 31. R5e2 Rxe2 32. Rxe2 Qc4 33. Kf2 a5
34. Qd7 Rc8 35. Rxe6 Qd4+ 36. Kg3 Rc2 37. Rxg6+ fxg6 38. Qe8+ Kh7 0-1

[Event "I Open Lido Adriano"]
[Site "Ravenna ITA"]
[Date "2011.04.07"]
[Round "6"]
[White "Casadei, Mauro"]
[Black "Aguera Naredo, Javier"]
[Result "0-1"]
[WhiteElo "2177"]
[BlackElo "2359"]
[PlyCount "82"]
[EventDate "2011.04.02"]

1. c4 g6 2. g3 Bg7 3. Bg2 c5 4. Nc3 Nc6 5. Nf3 e6 6. d3 Nge7 7. Bg5 h6 8. Bd2
d5 9. Qc1 b6 10. O-O Bb7 11. Rb1 Qd7 12. b3 g5 13. a3 Rc8 14. b4 cxb4 15. axb4
dxc4 16. dxc4 g4 17. Nh4 Nd4 18. c5 Bxg2 19. Nxg2 bxc5 20. bxc5 Rxc5 21. Rb8+
Nc8 22. Qa3 Rxc3 23. Bxc3 Nxe2+ 24. Kh1 Nxc3 25. Qc5 Kd8 26. Rc1 Qc7 27. Qb4 a5
28. Qxg4 Be5 29. Rb3 Nd6 30. Qf3 Nde4 31. Qe3 a4 32. Rb4 Nf6 33. Rxa4 Nfd5 34.
Qd3 Ke7 35. Rc4 Qd7 36. f4 Bf6 37. f5 Rd8 38. Qf3 Qb5 39. Ne3 Nxe3 40. Rc7+ Kf8
41. Qxe3 Qd5+ 0-1

[Event "I Open Lido Adriano"]
[Site "Ravenna ITA"]
[Date "2011.04.07"]
[Round "6"]
[White "Djingarova, Emilia"]
[Black "Hocevar, Nikola"]
[Result "1-0"]
[WhiteElo "2349"]
[BlackElo "2048"]
[PlyCount "63"]
[EventDate "2011.04.02"]

1. Nf3 c5 2. c4 Nc6 3. d4 cxd4 4. Nxd4 g6 5. Nc2 f5 6. Nc3 Nf6 7. g3 Bg7 8. Bg2
d6 9. O-O O-O 10. Rb1 Be6 11. b3 Qd7 12. Nd5 Rad8 13. Bb2 Kh8 14. Qd2 Bg8 15.
Rfd1 Ne8 16. Bxg7+ Kxg7 17. b4 e6 18. Nc3 Qe7 19. b5 Ne5 20. Qd4 Qf6 21. f4 Nd7
22. Qxf6+ Kxf6 23. Bxb7 Ke7 24. Nb4 Nb8 25. a4 Rd7 26. Bc6 Rc7 27. a5 Nf6 28.
a6 e5 29. Bd5 Be6 30. Nc6+ Nxc6 31. bxc6 Bc8 32. Nb5 1-0